000 00593nam a22001697a 4500
999 _c12506
_d12506
008 241001b 2023 ||||| |||| 00| 0 eng d
020 _a9789280117554
082 _a623.88245
_bIMO
110 _aIMO - International Maritime Organization
245 _aIMSBC code : international maritime solid bulk cargoes code and supplement
_bincorporating amendment 07-23
260 _aLondon
_bInternational Maritime Organization
_c2023
300 _av, 764p.
650 _aSafety of personnel and ship
650 _aTrimming procedures
650 _aCarriage of solid wastes in bulk
942 _cBK